LEADER 00739nam a2200193 i 4500 001 000000171514 003 CaOOAMICUS 005 20080430000000.0 008 080430s1933 it u000 u ita u 013 $a148945 040 $aSeMil$bita 245 12$aI Nibelunghi /$cA cura di Luigi Di San Giusto. 260 $aTorino :$bUnione Tipografico-Editrice Torinese,$cstampa 1933. 300 $a222 p. ;$c19 cm. 700 1 $aDi San Giusto, Luigi.$0(OLS)http://semarc/name/12173 850 $aSeMil 852 $aSeMil$W1$xVenegono$y1$m1W II 34$j122383$B122383$CSeMilBibl$Z2$F133663 $81 996 $6245$aI Nibelunghi$9(OLS)http://semarc/title/245388 996 $6260$aTorino :$bUnione Tipografico-Editrice Torinese$9(OLS)http://semarc/publisher/29628 LEADER 01244nam a2200277 i 4500 001 000000078344 003 CaOOAMICUS 005 20030522000000.0 008 030522s1948 fr u000 u mul u 013 $a50581 040 $aSeMil$bita 100 1 $aTheophilus : Antiochenus,$c.$0(OLS)http://semarc/name/35400 245 10$aTrois livres à Autolycus /$cThéophile d'Antioche ; texte grec établi par G. Bardy ; traduction de Jean Sender ; introduction et notes Gustave Bardy. 260 $aParis :$bLes Éditions du Cerf,$c1948. 300 $a284 p. ;$c20 cm. 490 0 $aSources Chrétiennes ;$v20 500 $aTesto greco a fronte. - Dalla biblioteca del card. Giovanni Colombo. 700 1 $aBardy, Gustave <1881-1955>.$0(OLS)http://semarc/name/3485 700 1 $aSender, Jean.$0(OLS)http://semarc/name/38353 830 0$aSources chrétiennes ;$v20.$0(OLS)http://semarc/title/72 850 $aSeMil 852 $aSeMil$W1$xVenegono$y1$mSL1.T I 20$j44284$B44284$CSeMilBibl$Z2$F45940 $8I 941 1 $a3 961 $aLascito: Colombo Card. Giovanni 996 $6245$aTrois livres à Autolycus$9(OLS)http://semarc/title/126732 996 $6260$aParis :$bLes Éditions du Cerf$9(OLS)http://semarc/publisher/29611